|
|
|
|
| LEADER |
00000cam a2200000 7i4500 |
| 001 |
0000026854 |
| 005 |
20090805.0 |
| 008 |
090731 |
| 020 |
|
|
|a 0007172621
|
| 090 |
0 |
0 |
|a 910
|b ROW
|
| 100 |
1 |
|
|a Rowles, Nicholas
|
| 245 |
1 |
0 |
|a GCSE Geography :
|b the ideal solution to last-minute revision
|c Nicholas Rowles
|
| 260 |
|
|
|a London :
|b HarperCollins Publishers ,
|c 2001
|
| 440 |
|
|
|a Instant revision
|
| 650 |
|
0 |
|a Genaral certificate of secondary education
|x study guide
|
| 650 |
|
0 |
|a Geography
|x examinations
|x study guides
|
| 650 |
|
0 |
|a Geography
|x problems, exercise, etc.
|
| 650 |
|
0 |
|a Geography
|x study and teaching (secondary)
|z Great Britain
|
| 999 |
|
|
|a 0001040316
|b Book
|c Adult Collection
|e Perbadanan Perpustakaan Awam Johor
|